A08_昼夜間人口比率TOP50・WORST50の市区町村 - Statistics

General Stats
  • This quiz has been taken 26 times
  • The average score is 61 of 100
Answer Stats
順位 都道府
県名
種類 昼夜間
人口比率
市町村名 % Correct
TOP1 東京都 特別区 1,355.40 千代田区
100%
TOP2 東京都 特別区 374.39 中央区
100%
TOP3 東京都 特別区 373.41 港区
100%
TOP4 愛知県 282.47 飛島村
100%
TOP5 東京都 特別区 227.12 新宿区
100%
TOP6 東京都 特別区 226.07 渋谷区
96%
TOP17 東京都 特別区 145.28 台東区
87%
TOP19 東京都 特別区 137.79 品川区
87%
TOP27 大阪府 128.42 大阪市
87%
TOP40 東京都 特別区 120.89 江東区
87%
TOP15 東京都 特別区 147.31 文京区
83%
TOP21 東京都 特別区 136.63 豊島区
83%
WORST29 山梨県 78.11 甲斐市
83%
TOP36 千葉県 121.87 成田市
78%
WORST2 富山県 70.66 舟橋村
78%
TOP10 青森県 170.88 六ヶ所村
74%
TOP13 神奈川県 153.25 箱根町
74%
TOP39 愛知県 121.14 刈谷市
74%
TOP48 山梨県 116.61 忍野村
74%
WORST1 宮城県 67.11 七ヶ浜町
74%
WORST8 大阪府 74.60 豊能町
74%
WORST25 神奈川県 77.77 葉山町
74%
WORST26 奈良県 77.78 斑鳩町
74%
WORST41 宮城県 79.15 富谷市
74%
WORST48 京都府 79.51 向日市
74%
TOP8 京都府 186.87 久御山町
70%
TOP31 山梨県 125.26 昭和町
70%
TOP49 神奈川県 115.80 厚木市
70%
WORST6 東京都 74.29 狛江市
70%
WORST11 石川県 75.43 内灘町
70%
WORST12 神奈川県 75.44 二宮町
70%
WORST16 石川県 76.02 津幡町
70%
WORST28 愛知県 78.06 知多市
70%
WORST38 群馬県 78.90 榛東村
70%
TOP7 栃木県 200.74 芳賀町
65%
TOP16 滋賀県 146.09 竜王町
65%
TOP26 神奈川県 129.17 中井町
65%
TOP32 沖縄県 124.41 恩納村
65%
TOP43 秋田県 118.96 大潟村
65%
WORST18 神奈川県 76.26 真鶴町
65%
WORST30 大阪府 78.18 太子町
65%
WORST32 愛知県 78.36 扶桑町
65%
WORST35 千葉県 78.69 流山市
65%
WORST39 奈良県 78.99 香芝市
65%
WORST45 広島県 79.35 熊野町
65%
TOP9 宮城県 182.94 大衡村
61%
TOP11 千葉県 161.13 芝山町
61%
TOP14 茨城県 150.07 五霞町
61%
TOP25 新潟県 129.81 聖籠町
61%
TOP38 東京都 121.30 青ヶ島村
61%
TOP50 岩手県 115.75 金ケ崎町
61%
WORST7 山梨県 74.49 西桂町
61%
WORST10 埼玉県 75.41 富士見市
61%
WORST15 千葉県 75.93 栄町
61%
WORST21 福井県 77.00 南越前町
61%
WORST43 大阪府 79.21 島本町
61%
WORST49 神奈川県 79.52 大磯町
61%
WORST50 埼玉県 79.54 志木市
61%
TOP28 愛知県 127.37 豊山町
57%
TOP41 福岡県 120.83 苅田町
57%
WORST14 愛知県 75.90 大治町
57%
WORST19 長崎県 76.55 長与町
57%
WORST24 奈良県 77.53 三宅町
57%
WORST40 茨城県 79.07 城里町
57%
WORST42 奈良県 79.18 三郷町
57%
TOP18 福島県 144.72 楢葉町
52%
TOP20 愛知県 137.22 大口町
52%
TOP37 長野県 121.73 軽井沢町
52%
WORST9 茨城県 75.15 利根町
52%
WORST37 大阪府 78.88 交野市
52%
TOP22 福岡県 133.47 宮若市
48%
TOP29 宮城県 126.47 女川町
48%
TOP30 熊本県 126.30 嘉島町
48%
TOP33 山梨県 124.41 早川町
48%
TOP34 佐賀県 123.37 玄海町
48%
TOP44 愛知県 118.43 小牧市
48%
WORST3 山形県 73.37 中山町
48%
WORST17 奈良県 76.11 平群町
48%
WORST27 青森県 77.80 階上町
48%
WORST31 三重県 78.27 度会町
48%
WORST33 新潟県 78.37 田上町
48%
WORST36 兵庫県 78.83 猪名川町
48%
WORST47 埼玉県 79.46 松伏町
48%
TOP12 北海道 159.78 泊村
43%
TOP23 福岡県 132.48 久山町
43%
TOP35 福島県 122.39 広野町
43%
TOP46 宮城県 117.62 大和町
43%
WORST4 和歌山県 73.53 日高町
43%
WORST20 千葉県 76.57 大網白里市
43%
WORST23 群馬県 77.21 吉岡町
43%
WORST46 福島県 79.40 大玉村
43%
TOP45 北海道 118.37 留寿都村
39%
WORST5 山形県 74.17 山辺町
35%
WORST13 長野県 75.48 松川村
35%
WORST22 熊本県 77.08 山江村
35%
TOP24 福島県 130.64 磐梯町
30%
WORST34 福岡県 78.38 糸田町
30%
TOP42 福島県 120.38 泉崎村
26%
WORST44 福岡県 79.31 桂川町
26%
TOP47 北海道 116.79 厚真町
22%
No matching quizzes found
Score Distribution
Percent of People with Each Score
Percentile by Number Answered
Your Score History
You have not taken this quiz